Statistics for Biggest Adriatic Cities

Click here to take the quiz!

General Stats

  • This quiz has been taken 42 times
  • The average score is 5 of 10

Answer Stats

Population City % Correct
270,884Venice
95%
178,102Split
75%
320,475Bari
73%
205,535Trieste
65%
101,210Ancona
43%
142,579Rimini
38%
284,823Durrës
28%
128,384Rijeka
28%
123,103Pescara
15%
95,800Pesaro
10%

Score Distribution

Percentile by Number Answered

Percent of People with Each Score

Your Score History

You have not taken this quiz